00592nam a2200217 u 450000100100000000500170001000800410002702000150006804100090008304300120009208200210010410000280012524500820015325000120023526000390024730000230028649000190030965000120032865000220034065000120036200005631820200120223232.0130614s2003 ag gr 000 0 spa d a98755029790 a|spa as-ck---04a646.406bP672211 aPoratto, María Laura,10aPractideas :bcostura para niños /cpor la profesora María Laura Poratto. a1a. ed. aBuenos Aires :bLongseller,c2003. a47 p. :bil., fot. 0aHacer y vender14aCostura24aPrendas de vestir24aNiñas